Pays ayant remporté l'Eurovision - Statistiques

Statistiques générales
  • Ce quiz a été pris 183 fois
  • Le résultat moyen est 13 sur 27
Answers on the Grid
Answers color-coded by a green-red scale on the quiz's grid according to % correct below.
Albanie
Allemagne
Andorre
Autriche
Azerbaïdjan
Belgique
Bielorussie
Bosnie herzégovine
Bulgarie
Chypre
Danemark
Espagne
Estonie
Finlande
France
Géorgie
Grèce
Irlande
Islande
Israël
Italie
Kirgizistan
Lettonie
Liban
Lituanie
Luxembourg
Macédoine du Nord
Malte
Maroc
Monaco
Montenegro
Norvège
Pays-Bas
Portugal
Royaume-Uni
Russie
Saint-Marin
Serbie
Slovaquie
Slovénie
Suède
Suisse
Tchécoslovaquie
Tchéquie
Turquie
Ukraine
Vatican
Yougoslavie
 
Statistiques - réponses
Réponse % Correct
Allemagne
81%
France
79%
Suisse
67%
Espagne
65%
Suède
65%
Italie
64%
Pays-Bas
60%
Ukraine
60%
Grèce
58%
Royaume-Uni
57%
Israël
56%
Belgique
55%
Autriche
52%
Portugal
50%
Danemark
49%
Norvège
48%
Russie
47%
Luxembourg
46%
Finlande
43%
Irlande
43%
Monaco
30%
Turquie
30%
Azerbaïdjan
29%
Serbie
29%
Yougoslavie
27%
Estonie
25%
Lettonie
22%
Aucun quiz correspondant
Distribution des résultats
% des personnes avec chaque résultat
Percentile par nombre de réponses
Votre historique - résultats
Vous n’avez pas pris ce quiz